Score 0/72 Timer 05:00
0 Plays Today
Hint Answer % Correct
Hint - Ladder AWhat statisticians analyze •►
100%
Hint - Ladder AMarch 6, 2012, e.g. ►
99.6%
Hint - Ladder AHAL 9000 crewmate ►
99.6%
Hint - Ladder ASit-stand-sit in the stands ►
99.6%
Hint - Ladder AGo from full moon to new ►
99.6%
Hint - Ladder ADesire ►
99.6%
Hint - Ladder AWitch's nose blemish ►
99.6%
Hint - Ladder AHospital wing ►
99.6%
Hint - Ladder ALetter < ___ < sentence ►
99.6%
Hint - Ladder AThat that's under the bark ►
99.6%
Hint - Ladder AAdjective for the desirable •►
99.6%
Hint - Ladder AHired thug ►
99.6%
Hint - Ladder ACanadian dollar bird ►
99.6%
Hint - Ladder ACertain cut of beef ►
99.6%
Hint - Ladder ASpendable disk ►
99.6%
Hint - Ladder AGoatee site ►
99.6%
Hint - Ladder ALike Jack Sprat ►
99.6%
Hint - Ladder AEither of a Gemini pair •►
99.6%
Hint - Ladder B◄• Oral history
99.6%
Hint - Ladder B◄ Induce tedium
99.6%
Hint - Ladder B◄ Unadorned
99.6%
Hint - Ladder B◄ American footballer Starr
99.6%
Hint - Ladder B◄ 'Fish or cut ___'
99.6%
Hint - Ladder B◄ Demonym for Tony Blair
99.6%
Hint - Ladder B◄ Emerging economies acronym
99.6%
Hint - Ladder B◄ Musician Clapton
99.6%
Hint - Ladder B◄ pol- & syst- follower
99.6%
Hint - Ladder B◄ 1st Oscar recipient Jannings
99.6%
Hint - Ladder B◄• Adjective for the undesirable
99.6%
Hint - Ladder B◄ Daredevil Knievel
99.6%
Hint - Ladder B◄ Like 2, 4, 6, etc.
99.6%
Hint - Ladder B◄ 'Ole and ____' jokes
99.6%
Hint - Ladder B◄ Observed
99.6%
Hint - Ladder B◄ One who's not quite an adult
99.6%
Hint - Ladder B◄ One who's just an adult
99.6%
Hint - Ladder B◄• Either of a Gemini pair
99.6%
Hint Answer % Correct
Ladder A (4 letters)WART
87.8%
Ladder A (4 letters)WARD
86.3%
Ladder A (4 letters)WANT
86.2%
Ladder A (4 letters)DATE
85.5%
Ladder A (4 letters)•• DATA ••
85%
Ladder A (4 letters)CHIN
84.2%
Ladder B (4 letters)EVEN
83%
Ladder A (4 letters)WORD
82.8%
Ladder A (4 letters)WANE
82.3%
Ladder B (4 letters)ERIC
82.1%
Ladder B (4 letters)TEEN
80%
Ladder A (4 letters)WOOD
78.1%
Ladder A (4 letters)COIN
78.1%
Ladder B (4 letters)EVEL
77.7%
Ladder B (4 letters)•• EVIL ••
77.4%
Ladder B (4 letters)SEEN
77%
Ladder A (4 letters)LOON
76.8%
Ladder A (4 letters)LOIN
76.8%
Ladder A (4 letters)••••••••••••••••••• T W
76.7%
Ladder B (4 letters) I N •••••••••••••••••••••
76.7%
Ladder A (4 letters)GOON
76.2%
Ladder A (4 letters)•• GOOD ••
75.4%
Ladder A (4 letters)THIN
75.4%
Ladder B (4 letters)BARE
72.6%
Ladder B (4 letters)BORE
70.4%
Ladder B (4 letters)SVEN
69.3%
Ladder A (4 letters)WAVE
69.2%
Ladder A (4 letters)DAVE
68.9%
Ladder B (4 letters)BART
66.1%
Ladder B (4 letters)•• LORE ••
63.5%
Ladder B (4 letters)BAIT
60.4%
Ladder B (4 letters)-EMIC
51.3%
Ladder B (4 letters)EMIL
50.1%
Ladder B (4 letters)BRIT
50%
Ladder B (4 letters)TWEN
48.2%
Ladder B (4 letters)BRIC
47.7%
Remove Ads.
Support Sporcle.
Get the best of Sporcle when you Go Orange. This ad-free experience offers more features, more stats, and more fun while also helping to support Sporcle. Thank you for becoming a member.

You're not logged in!

Compare scores with friends on all Sporcle quizzes.
OR
Log In

Sporcle TV

Today on Sporcle TV


Watch our educational content, quiz creation guides, and fun videos on Sporcle TV.

Show Comments

Extras

Top Quizzes Today


Score Distribution

Paid Content

Your Account Isn't Verified!

In order to create a playlist on Sporcle, you need to verify the email address you used during registration. Go to your Sporcle Settings to finish the process.

Report this User

Report this user for behavior that violates our Community Guidelines.

Details: